Taylor's general catalogue of stars for the equinox 1835-0 from observations made at the madras observatory during the years 1831 to 1842 (Record no. 20461)

MARC details
000 -LEADER
fixed length control field 00412nam a2200121Ia 4500
003 - CONTROL NUMBER IDENTIFIER
control field IN-BaIIA
008 - FIXED-LENGTH DATA ELEMENTS--GENERAL INFORMATION
fixed length control field 211028s9999 xx 000 0 eng d
040 ## - CATALOGING SOURCE
Transcribing agency IIA Library
100 ## - MAIN ENTRY--PERSONAL NAME
Personal name Downing, A M W
9 (RLIN) 906
245 #0 - TITLE STATEMENT
Title Taylor's general catalogue of stars for the equinox 1835-0 from observations made at the madras observatory during the years 1831 to 1842
Statement of responsibility, etc. A. M. W. Downing
260 ## - PUBLICATION, DISTRIBUTION, ETC.
Name of publisher, distributor, etc. Neill
Date of publication, distribution, etc. 1901
942 ## - ADDED ENTRY ELEMENTS (KOHA)
Koha item type Books
Holdings
Withdrawn status Lost status Damaged status Not for loan Home library Current library Shelving location Date acquired Total Checkouts Barcode Date last seen Price effective from Koha item type
        IIA Library-Bangalore IIA Library-Bangalore General Stacks     9079 05/11/2021   Books

Powered by Koha